| 000 | 01027nam a2200241 i 4500 | ||
|---|---|---|---|
| 001 | 75599 | ||
| 003 | ES-MaACL | ||
| 005 | 20250404190024.0 | ||
| 007 | t| | ||
| 008 | 040927s1949 fr ||||1| fre d | ||
| 100 | 1 |
_aGrousset, René. _960211 |
|
| 245 | 1 | 4 |
_aLes civilisations de l'Orient _b: L'Inde / _cRené Grousset. |
| 260 |
_aParis : _bEditions d'Histoire et d'Art, _c1949 ( _fMeaux Plon) |
||
| 300 |
_aIII, 171 p., 31 lám. : _bil. ; _c24 cm. |
||
| 490 | 1 | _aArs et historia | |
| 651 | 4 |
_aIndia- _xCivilización. _98837 |
|
| 830 | 0 |
_aArs et historia _9188921 |
|
| 852 |
_aES-MaACL _jD-6575 _bR.30768 _bR.M.6166 _978441 _cSVI _fSello en tinta azul de la Biblioteca del Ateneo de Madrid _gAnotación manuscrita en cubierta: "2" _zEtiqueta en hoja de guarda: "Espasa-Calpe S.A. pesetas 34" _zEn cubierta: !16. ABR. 1951" |
||
| 942 |
_2udc _cMONOGRAFIA |
||
| 999 |
_c75599 _d75599 |
||